Zamyslenie sa nad koncepciou trvalo udržateľného rozvoja

Svetová komisia pre životné prostredie a rozvoj (WCED). Vzájomné posilňovanie ekonomického, environmentálneho a sociálneho rozvoja. Stratégia trvalo udržateľného rozvoja. Rast kvality života v celej komplexnosti.

Salvato in:
Dettagli Bibliografici
Autore principale: Huba, Mikuláš
Altri autori: Ira, Vladimír
Natura: Capitolo di libro
Lingua:slovacco
Soggetti:
Tags: Aggiungi Tag
Nessun Tag, puoi essere il primo ad aggiungerne!!

MARC

LEADER 00000naa a2200000 4500
001 r024226
005 20221205091539.5
041 0 |a slo 
044 |a SK 
245 1 0 |a Zamyslenie sa nad koncepciou trvalo udržateľného rozvoja  |c M. Huba, Vladimír Ira 
520 |a Svetová komisia pre životné prostredie a rozvoj (WCED). Vzájomné posilňovanie ekonomického, environmentálneho a sociálneho rozvoja. Stratégia trvalo udržateľného rozvoja. Rast kvality života v celej komplexnosti. 
610 2 0 |a prostredie životné 
610 2 0 |a WCED 
610 2 0 |a ochrana prostredia životného 
610 2 0 |a ekológia 
100 1 |a Huba, Mikuláš 
700 1 |a Ira, Vladimír